Jueves por la tarde : (Registro nro. 38999)

Detalles MARC
000 -LEADER
fixed length control field 01760nam a2200337 4500
001 - CONTROL NUMBER
control field 0000031068
003 - CONTROL NUMBER IDENTIFIER
control field CO-CtgCURN
005 - DATE AND TIME OF LATEST TRANSACTION
control field 20250429224111.0
007 - PHYSICAL DESCRIPTION FIXED FIELD--GENERAL INFORMATION
fixed length control field ta
008 - FIXED-LENGTH DATA ELEMENTS--GENERAL INFORMATION
fixed length control field 160708s2009 000 0 eng d
020 ## - INTERNATIONAL STANDARD BOOK NUMBER
International Standard Book Number 9789588387178
040 ## - CATALOGING SOURCE
Original cataloging agency CO-CtgCURN
Language of cataloging spa
Transcribing agency coctgcurn
082 0# - DEWEY DECIMAL CLASSIFICATION NUMBER
Classification number 370.117
Item number J934
245 00 - TITLE STATEMENT
Title Jueves por la tarde :
Remainder of title memorias de una tertulia /
Statement of responsibility, etc. compilador, Mariana de Castro , editor Joaquin Robles Zabala.
260 ## - PUBLICATION, DISTRIBUTION, ETC.
Place of publication, distribution, etc. Cartagena de Indias :
Name of publisher, distributor, etc. Unviersidad Tecnologica de Bolívar,
Date of publication, distribution, etc. 2009.
300 ## - PHYSICAL DESCRIPTION
Extent 301 p.
336 ## - CONTENT TYPE
Source rdacontent
337 ## - MEDIA TYPE
Source rdamedia
Media type term sin mediacion
Media type code n
338 ## - CARRIER TYPE
Source rdacarrier
Carrier type term volumen
Carrier type code nc
500 ## - GENERAL NOTE
General note Incluye datos biograficos (p. 295-301)
505 8# - FORMATTED CONTENTS NOTE
Formatted contents note 505La diferencia entre como y para que.-- Kuttura nganderi Palenge: una obra maestra de la humanidad para impulsar el desarrollo.--Cultura y medios de comunicación de masas.--La universidad y su responsabilidad social en la formacion de una cultura ciudadana.--Educación para el futuro.--El reto de la educación superior en el Caribe Colombiano.--Jorge Isaac en el torbellino politico.--Los mares, esas grandes autopistas del pasado.--Cronica de una infamia por dentro.--El viaje a Grecia de Francisco Miranda.--Los desordenes alimentarios: placeres que matan.--Descifrando el sabor del nispero
650 14 - SUBJECT ADDED ENTRY--TOPICAL TERM
Topical term or geographic name entry element Ensayos colombianos.
650 14 - SUBJECT ADDED ENTRY--TOPICAL TERM
Topical term or geographic name entry element Cultura
Form subdivision Congresos, conferencias, etc.
650 14 - SUBJECT ADDED ENTRY--TOPICAL TERM
Topical term or geographic name entry element Educación superior
General subdivision Congresos, conferencias, etc
Geographic subdivision Caribe (Region)
700 1# - ADDED ENTRY--PERSONAL NAME
Personal name Castro, Mariana de.
700 1# - ADDED ENTRY--PERSONAL NAME
Personal name Robles Zabala, Joaquin.
730 0# - ADDED ENTRY--UNIFORM TITLE
Uniform title Bolivar-Bibliografia regional.
908 ## - PUT COMMAND PARAMETER (RLIN)
Put command parameter 160708
942 ## - ADDED ENTRY ELEMENTS (KOHA)
Koha item type Libros
Classification part 370.117
Item part J934
Source of classification or shelving scheme Dewey Decimal Classification
Existencias
Withdrawn status Lost status Source of classification or shelving scheme Damaged status Not for loan Collection Home library Current library Shelving location Date acquired Inventory number Total checkouts Full call number Barcode Date last seen Price effective from Koha item type Public note
    Dewey Decimal Classification     General Miguel Henríquez Castañeda Miguel Henríquez Castañeda General 04/29/2025 013657   370.117 J934 013657 04/29/2025 04/29/2025 Libros 370-EDUCAC